| 000 | 05676cam a22019574i 4500 | ||
|---|---|---|---|
| 003 | PE-LiUPU | ||
| 005 | 20250813170006.0 | ||
| 008 | 131227s2013 sp a o000 0 spa d | ||
| 020 | _a8490440506 | ||
| 020 | _a9788490440506 | ||
| 035 | _a(Sirsi) i9788490440506 | ||
| 040 |
_aPE-LiUPU _bspa _cPE-LiUPU _erda |
||
| 049 | _aPRUA | ||
| 049 | _aPRUA | ||
| 082 |
_a628.517 _A66 |
||
| 082 | 0 | 4 |
_a628.517 _bA66 2013 |
| 245 | 0 | 0 |
_aInnovación para el control del ruido ambiental / _cSantiago Expósito Paje (coordinador) ; autores, Miguel Arana Burgui, Moisés Bueno Pacheco, César Díaz Sanchidrián ... [et al.]. |
| 250 | _a1 ed. | ||
| 300 |
_a333 páginas. _bilustraciones., gráficos. _c22 centímetros. |
||
| 336 |
_atext _2rdacontent |
||
| 337 |
_aunmediated _2rdamedia |
||
| 338 |
_avolume _2rdacarrier |
||
| 490 | 0 | _aCiencia y técnica | |
| 504 | _aIncluye referencias bibliográficas | ||
| 505 | 0 | _aResiduos: definición, clasificación y tratamiento. -- Tratamiento de aguas residuales urbanas. -- Tratamiento de aguas residuales industriales. -- Residuos sólidos urbanos. -- Tratamiento de la materia orgánica. Compostaje. -- El suelo como medio de reciclado. -- Vertederos. -- Tratamiento de residuos industriales. -- Residuos agrarios. -- Reciclado de materiales poliméricos. -- Tratamiento de residuos específicos I. -- Tratamiento de residuos especificos II. -- Bibliografia. -- Siglas. Índice alfabético de términos. | |
| 526 | _aP203 | ||
| 526 | _aP200 | ||
| 526 | _aSEG65 | ||
| 526 | _aSEG64 | ||
| 526 | _aSEG63 | ||
| 526 | _aSEG62 | ||
| 526 | _aSEG61 | ||
| 526 | _aSEG60 | ||
| 526 | _aSEG59 | ||
| 526 | _aSEG58 | ||
| 526 | _aSEG57 | ||
| 526 | _aSEG56 | ||
| 526 | _aSEG55 | ||
| 526 | _aSEG54 | ||
| 526 | _aSEG53 | ||
| 526 | _aSEG52 | ||
| 526 | _aSEG51 | ||
| 526 | _aSEG50 | ||
| 526 | _aSEG49 | ||
| 526 | _aSEG48 | ||
| 526 | _aSEG47 | ||
| 526 | _aSEG46 | ||
| 526 | _aSEG24 | ||
| 526 | _aSEG23 | ||
| 526 | _aSEG22 | ||
| 526 | _aSEG21 | ||
| 526 | _aSEG20 | ||
| 526 | _aSEG19 | ||
| 526 | _aSEG18 | ||
| 526 | _aSEG17 | ||
| 526 | _aSEG16 | ||
| 526 | _aSEG14 | ||
| 526 | _aSEG13 | ||
| 526 | _aSEG12 | ||
| 526 | _aSEG11 | ||
| 526 | _aSEG10 | ||
| 526 | _aSEG09 | ||
| 526 | _aSEG06 | ||
| 526 | _aSEG05 | ||
| 526 | _aSEG04 | ||
| 526 | _aSEG03 | ||
| 526 | _aSEG02 | ||
| 526 | _aSEG68 | ||
| 526 | _aSEG66 | ||
| 526 | _aSEG45 | ||
| 526 | _aSEG25 | ||
| 526 | _aSEG01 | ||
| 526 | _aP163 | ||
| 526 | _aP162 | ||
| 526 | _aP161 | ||
| 526 | _aP160 | ||
| 526 | _aP159 | ||
| 526 | _aP158 | ||
| 526 | _aP157 | ||
| 526 | _aP156 | ||
| 526 | _aP155 | ||
| 526 | _aP154 | ||
| 526 | _aP153 | ||
| 526 | _aP152 | ||
| 526 | _aP151 | ||
| 526 | _aP150 | ||
| 526 | _aP149 | ||
| 526 | _aP142 | ||
| 526 | _aP141 | ||
| 526 | _aP140 | ||
| 526 | _aP139 | ||
| 526 | _aP138 | ||
| 526 | _aP137 | ||
| 526 | _aP132 | ||
| 526 | _aP131 | ||
| 526 | _aP130 | ||
| 526 | _aP126 | ||
| 526 | _aP125 | ||
| 526 | _aP124 | ||
| 526 | _aP123 | ||
| 526 | _aP115 | ||
| 526 | _aP122 | ||
| 526 | _aP121 | ||
| 526 | _aP116 | ||
| 526 | _a P114 | ||
| 526 | _aP112 | ||
| 526 | _aP111 | ||
| 526 | _aP104 | ||
| 526 | _aP103 | ||
| 526 | _aP102 | ||
| 526 | _aP101 | ||
| 526 | _aP100 | ||
| 526 | _aP96 | ||
| 526 | _aP95 | ||
| 526 | _aP93 | ||
| 526 | _aP92 | ||
| 526 | _aP91 | ||
| 526 | _aP88 | ||
| 526 | _aP83 | ||
| 526 | _aP82 | ||
| 526 | _aP79 | ||
| 526 | _aP78 | ||
| 526 | _aP75 | ||
| 526 | _aP74 | ||
| 526 | _aP71 | ||
| 526 | _aP69 | ||
| 526 | _a P51 | ||
| 526 | _aP49 | ||
| 526 | _aP48 | ||
| 526 | _aP47 | ||
| 526 | _aP33 | ||
| 526 | _aP31 | ||
| 526 | _a P30 | ||
| 526 | _aP29 | ||
| 526 | _aP27 | ||
| 526 | _aP26 | ||
| 526 | _aP25 | ||
| 526 | _aP24 | ||
| 526 | _a P22 | ||
| 526 | _aP10 | ||
| 526 | _aP09 | ||
| 526 | _a P08 | ||
| 526 | _aP06 | ||
| 526 | _aP05 | ||
| 526 | _aP04 | ||
| 526 | _aP01 | ||
| 541 | _g0004-000119; | ||
| 541 | _g020-0002811; | ||
| 650 | 4 | _aHigiene ambiental. | |
| 650 | 4 | _aRuido. | |
| 650 | 7 |
_aRuido _xControl _xInnovaciones tecnológicas. |
|
| 700 | 1 | _aArana Burgui, Miguel | |
| 700 | 1 | _aExpósito Paje, Santiago | |
| 910 |
_ajck _bbpc _cbpc _d20160511 |
||
| 910 |
_ctqv _d20170803 |
||
| 942 |
_2ddc _cBOOK |
||
| 949 |
_a620.23 A65 _wDEWEY _c1 _i70940 _lCCODEBUL1 _mBUL _p50.80 _r0 _sY _tBOOK _u2015-5-11 _xINGENIERIA _PP24 _0COMPRA _o.STAFF. Colección General |
||
| 949 |
_a628.517 A66 _wDEWEY _c1 _i72822 _lCCODEBUL1 _mBUL _p48.78 _r0 _sY _tBOOK _u2016-4-14 _xINGENIERIA _PP24 _0COMPRA _o.STAFF. Colección General 2 |
||
| 949 |
_a628.517 A66 2013 _wDEWEY _c1 _iFJ08409 _lCCODEBUJ1 _mBUJ _p30.00 _r0 _sY _tBOOK _u2017-08-03 _xINGENIERÍA _PP24 _0COMPRA _o.STAFF. Colección General Juliaca |
||
| 994 |
_aC0 _bPEPRU |
||
| 596 | _a1 3 | ||
| 999 |
_a620.23 A65 _wDEWEY _c60958 _i70940 _d60958 _e2018-4-16 _f2021-11-9 _g7 _lCCODEBUL1 _mBUL _n2 _p50.80 _q2 _r0 _sY _tBOOK _u2015-5-11 _xINGENIERIA _PP24 _0COMPRA _o.STAFF. Colección General |
||
| 999 |
_a628.517 A66 _wDEWEY _c1 _i72822 _f2021-11-9 _g7 _lCCODEBUL1 _mBUL _p48.78 _r0 _sY _tBOOK _u2016-4-14 _xINGENIERIA _PP24 _0COMPRA _o.STAFF. Colección General 2 |
||
| 999 |
_a620.23 A65 2013 _wDEWEY _c1 _iFJ08409 _d2019-6-13 _e2018-12-12 _f2022-1-25 _g3 _lCCODEBUJ1 _mBUJ _n1 _p30.00 _q2 _r0 _sY _tBOOK _u2017-8-2 _xINGENIERIA _PP24 _0COMPRA _o.STAFF. Colección General Juliaca |
||
| 264 |
_aCuenca : _bEdiciones de la Universidad de Castilla-La Mancha, _c2013 |
||
| 980 |
_81 _gALBERTO SANCHEZ Responsable de Automatización |
||